| 000 | 00000nas##2200000za#4500 |
| 001 | 9.501475 |
| 003 | CaOODSP |
| 005 | 20200331044905 |
| 007 | cr ||||||||||| |
| 008 | 150406c1996||||xxc|| m o||||f| |0fre|d |
| 040 | |aCaOODSP|bfre |
| 043 | |an-cn--- |
| 086 | 1 |aFo29-34F-PDF |
| 110 | 1 |aCanada.|bRessources naturelles Canada. |bService canadien des forêts. |
| 245 | 10|aRapport spécial / |h[ressource électronique]|cPublié par le Centre de foresterie du Nord. |
| 260 | |aEdmonton - Alberta : |bRessources naturelles Canada. |
| 310 | |aIrrégulier |
| 546 | |a(Abstract in English.) |
| 775 | 08|tSpecial report / |w(CaOODSP)9.505158 |
| 776 | 0#|tRapport spécial / |w(CaOODSP)9.839729 |